Keď je na výber, treba si vybrať Čo ponúka prvý pilier dôchodkovej reformy

Princípy fungovania dôchodkového sporenia v prvom pilieri. Výhody a skryté riziká. Vzorec výpočtu dôchodku. Predčasný dôchodok. Neskorší odchod do dôchodku. Účasť na dôchodkovej reforme: vstup do druhého piliera. Priemerná mesačná nominálna mzda v SR za roky 1994 až 2004 (3Q).

Enregistré dans:
Détails bibliographiques
Auteur principal: Škriniar, Pavel, 1979-
Format: Chapitre de livre
Langue:slovaque
Sujets:
Tags: Ajouter un tag
Pas de tags, Soyez le premier à ajouter un tag!

MARC

LEADER 00000naa$a2200000$$$4500
001 0025082
005 20240502071420.9
041 0 |a slo 
044 |a SK 
245 1 0 |a Keď je na výber, treba si vybrať  |b Čo ponúka prvý pilier dôchodkovej reformy  |c Pavel Škriniar 
520 |a Princípy fungovania dôchodkového sporenia v prvom pilieri. Výhody a skryté riziká. Vzorec výpočtu dôchodku. Predčasný dôchodok. Neskorší odchod do dôchodku. Účasť na dôchodkovej reforme: vstup do druhého piliera. Priemerná mesačná nominálna mzda v SR za roky 1994 až 2004 (3Q). 
610 2 0 |a Slovensko 
610 2 0 |a reformy dôchodkové 
610 2 0 |a poisťovne sociálne 
610 2 0 |a fond poistenia dôchodkového 
610 2 0 |a vzorce 
610 2 0 |a dôchodky starobné 
610 2 0 |a mzdy nominálne 
100 1 |a Škriniar, Pavel, 1979-